[Event "IV Open Internacional Ciutat d"]
[Site "Palma"]
[Date "2009.11.23"]
[Round "4.55"]
[White "Gallardo Pina, Neus"]
[Black "Sara, Valerio"]
[Result "1-0"]
[WhiteElo "1809"]
[BlackElo "2072"]
[PlyCount "61"]
[EventDate "2009.11.21"]

1. f4 d5 2. Nf3 g6 3. e3 Bg7 4. d4 Nf6 5. Bd3 O-O 6. c3 b6 7. Nbd2 c5 8. Ne5
Ba6 9. Ndf3 Bxd3 10. Qxd3 Qc7 11. h4 Nbd7 12. h5 Nxh5 13. Ng5 Ndf6 14. Rh3 Ne4
15. Nxe4 dxe4 16. Qxe4 f5 17. Qd5+ e6 18. Qxe6+ Kh8 19. Nxg6+ hxg6 20. Qxg6 Rf6
21. Rxh5+ Kg8 22. Qh7+ Kf8 23. Rxf5 Kf7 24. Qh5+ Ke7 25. Rxf6 Bxf6 26. Qh7+ Kd6
27. Qxc7+ Kxc7 28. Bd2 Rg8 29. Kf1 Rh8 30. Kf2 Bh4+ 31. Kf3 1-0

[Event "IV Open Internacional Ciutat d"]
[Site "Palma"]
[Date "2009.11.23"]
[Round "4.61"]
[White "Henrichs, Wenke"]
[Black "Ponce Cano, Adrian"]
[Result "1-0"]
[WhiteElo "2039"]
[BlackElo "1625"]
[PlyCount "77"]
[EventDate "2009.11.21"]

1. d4 Nf6 2. c4 g6 3. Nc3 Bg7 4. e4 d6 5. f3 O-O 6. Be3 e6 7. Qd2 Nc6 8. Nge2
Bd7 9. Ng3 e5 10. d5 Ne7 11. Bd3 Ne8 12. O-O-O f5 13. Nge2 f4 14. Bf2 a5 15.
Kb1 a4 16. Rc1 a3 17. b3 c6 18. c5 Kh8 19. cxd6 Nxd6 20. dxc6 Nxc6 21. Nd5 Be6
22. Bb6 Qd7 23. Nc7 Rac8 24. Nxe6 Qxe6 25. Rhd1 Nd4 26. Nxd4 exd4 27. Bc5 Rf7
28. Bxa3 Ra8 29. Bb2 Rff8 30. Rc7 Qe5 31. Rdc1 Qa5 32. Qxa5 Rxa5 33. Rd7 Nf7
34. Rcc7 Kg8 35. Bc4 Be5 36. Rxb7 Rc5 37. Bxf7+ Kh8 38. Be6 Re8 39. Rxh7# 1-0

[Event "IV Open Internacional Ciutat d"]
[Site "Palma"]
[Date "2009.11.23"]
[Round "4.65"]
[White "Boulkrouche, Yacine"]
[Black "Milian Calatayud, Jose Luis"]
[Result "1-0"]
[WhiteElo "2082"]
[BlackElo "1728"]
[PlyCount "113"]
[EventDate "2009.11.21"]

1. e4 e5 2. Nf3 Nc6 3. Bc4 d6 4. d4 Bg4 5. d5 Nd4 6. Nbd2 Qf6 7. c3 Nxf3+ 8.
Nxf3 Bxf3 9. Bb5+ Kd8 10. gxf3 g6 11. Be3 Bh6 12. Qe2 Bxe3 13. Qxe3 Ne7 14. h4
Qf4 15. Qxf4 exf4 16. Rg1 h5 17. O-O-O a6 18. Ba4 Nc8 19. Rg5 b5 20. Bb3 Re8
21. Rd4 Re5 22. Rg1 Nb6 23. a4 Kd7 24. Kc2 bxa4 25. Bxa4+ Nxa4 26. Rxa4 c6 27.
c4 c5 28. b4 cxb4 29. Rxb4 Rc8 30. Kd3 Rc5 31. Rb7+ Rc7 32. Rb6 Ra7 33. Kd4 Re8
34. Ra1 a5 35. Ra4 f6 36. Rb5 Rea8 37. Rb1 Kc7 38. c5 dxc5+ 39. Kxc5 Kd7 40.
Rb6 Ra6 41. Rb7+ Ke8 42. Rg7 g5 43. hxg5 R6a7 44. Rg6 h4 45. gxf6 Kf7 46. Rh6
Rc7+ 47. Kd4 Rc1 48. e5 Rh1 49. e6+ Kg8 50. Rg6+ Kf8 51. f7 Ke7 52. Rg8 Rf8 53.
Rxa5 Rd1+ 54. Ke5 Re1+ 55. Kxf4 Rxf7+ 56. exf7 Kxf7 57. Rh8 1-0

[Event "IV Open Internacional Ciutat d"]
[Site "Palma"]
[Date "2009.11.23"]
[Round "4.66"]
[White "Abrines Sampol, Lorenzo"]
[Black "Aguilo Pons, Francesc"]
[Result "1/2-1/2"]
[WhiteElo "1693"]
[BlackElo "1867"]
[PlyCount "40"]
[EventDate "2009.11.21"]

1. e4 c5 2. Nf3 Nc6 3. d4 cxd4 4. Nxd4 g6 5. Bc4 Bg7 6. c3 Qb6 7. Nxc6 dxc6 8.
O-O Nf6 9. Qc2 O-O 10. Be3 Qc7 11. Bd4 b5 12. Be2 Bb7 13. f3 a6 14. a4 Rfd8 15.
b4 Nh5 16. Bxg7 Kxg7 17. c4 Nf4 18. Nc3 bxc4 19. Bxc4 Qb6+ 20. Kh1 Qxb4 1/2-1/2

[Event "IV Open Internacional Ciutat d"]
[Site "Palma"]
[Date "2009.11.23"]
[Round "4.72"]
[White "Genute, Giedre"]
[Black "Ramon Sanchez Campins, Pedro"]
[Result "1/2-1/2"]
[WhiteElo "1631"]
[BlackElo "1781"]
[PlyCount "55"]
[EventDate "2009.11.21"]

1. d4 d5 2. c4 e6 3. Nf3 Nf6 4. cxd5 Qxd5 5. Nc3 Bb4 6. a3 Bxc3+ 7. bxc3 O-O 8.
Bf4 Ne4 9. Qc1 Qa5 10. Bd2 b6 11. g3 Bb7 12. Bg2 Nxd2 13. Qxd2 Nd7 14. O-O Nf6
15. c4 Qxd2 16. Nxd2 Bxg2 17. Kxg2 Rfd8 18. Nf3 Ne4 19. e3 f6 20. Rac1 Kf7 21.
Rfd1 c6 22. h4 Rd7 23. c5 bxc5 24. dxc5 Nxc5 25. Rxd7+ Nxd7 26. Rxc6 e5 27. e4
Ke7 28. Nd2 1/2-1/2

[Event "IV Open Internacional Ciutat d"]
[Site "Palma"]
[Date "2009.11.23"]
[Round "4.50"]
[White "Berube, Antoine"]
[Black "Sierra Jimenez, Manuel"]
[Result "1-0"]
[WhiteElo "2122"]
[BlackElo "1961"]
[PlyCount "113"]
[EventDate "2009.11.21"]

1. d4 f5 2. c4 Nf6 3. Nc3 e6 4. Nf3 d5 5. Bf4 c6 6. e3 Bb4 7. Qc2 Ne4 8. h3 Qa5
9. Rc1 Qxa2 10. Bd3 Bxc3+ 11. bxc3 Qxc2 12. Rxc2 Nd7 13. Ne5 O-O 14. f3 Nef6
15. Kd2 Nxe5 16. Bxe5 dxc4 17. Bxc4 Nd5 18. Ra2 a5 19. Rha1 b6 20. Bxd5 exd5
21. Bc7 Ra6 22. Rb2 b5 23. Bxa5 Bb7 24. Rba2 Rfa8 25. Kc1 Kf7 26. Kb2 Ke6 27.
Kb3 Bc8 28. Kb4 Bb7 29. Re1 Kd7 30. g4 fxg4 31. hxg4 Rf8 32. Rh1 Rxf3 33. Rxh7
Rf7 34. g5 Re7 35. Rh8 Ra8 36. Rxa8 Bxa8 37. Kc5 Bb7 38. Kb6 Bc8 39. Bb4 Re6
40. Ra1 g6 41. Ra7+ Kd8 42. Rg7 Bd7 43. Kc5 Be8 44. Ba5+ Kc8 45. Kb6 Bd7 46.
Rg8+ Be8 47. Rg7 Bd7 48. Bb4 Kd8 49. Rg8+ Be8 50. Kb7 Rxe3 51. Rg7 Bd7 52. Rxg6
Ke8 53. Kc7 Be6 54. Rf6 Bf7 55. g6 Re7+ 56. Bxe7 Kxe7 57. Rxf7+ 1-0

[Event "IV Open Internacional Ciutat d"]
[Site "Palma"]
[Date "2009.11.23"]
[Round "4.29"]
[White "Lyell, Mark"]
[Black "Bellaiche, Anthony"]
[Result "1-0"]
[WhiteElo "2245"]
[BlackElo "2452"]
[PlyCount "105"]
[EventDate "2009.11.21"]

1. e4 c5 2. Nc3 d6 3. f4 Nc6 4. Bb5 Bd7 5. Nf3 g6 6. O-O Bg7 7. d3 Nf6 8. e5
dxe5 9. fxe5 Ng4 10. Bxc6 Bxc6 11. Bf4 O-O 12. Ne4 c4 13. Qe2 cxd3 14. cxd3
Nxe5 15. Bxe5 Bxe5 16. Nxe5 Qd4+ 17. Nf2 Bd5 18. Nc4 Rac8 19. b3 b5 20. Ne3 Bb7
21. Rac1 f5 22. Rfe1 Rxc1 23. Rxc1 Qe5 24. Qd2 Rd8 25. Re1 Qc5 26. Qc1 Qb4 27.
Re2 Rc8 28. Rc2 Rxc2 29. Qxc2 Qd4 30. Qd2 Kf7 31. b4 a6 32. Nc2 Qd5 33. Ne3 Qd4
34. a3 Qa1+ 35. Ned1 Qxa3 36. Qb2 Qxb2 37. Nxb2 Ke6 38. Nfd1 Ke5 39. Kf2 Kd4
40. g3 e5 41. Ke2 f4 42. gxf4 exf4 43. Kd2 g5 44. Nf2 Bf3 45. Nbd1 g4 46. Nc3
h5 47. Nce4 Bxe4 48. Nxe4 h4 49. Nf2 g3 50. hxg3 hxg3 51. Nh3 f3 52. Ng1 f2 53.
Ne2+ 1-0

[Event "IV Open Internacional Ciutat d"]
[Site "Palma"]
[Date "2009.11.23"]
[Round "4.54"]
[White "Valls Casas, Jordi"]
[Black "Ahlstrom, Per"]
[Result "1-0"]
[WhiteElo "2076"]
[BlackElo "1910"]
[PlyCount "97"]
[EventDate "2009.11.21"]

1. d4 Nf6 2. Nf3 g6 3. c4 Bg7 4. Nc3 d6 5. e4 O-O 6. h3 e5 7. d5 Nh5 8. Nh2 Na6
9. Be3 Qe8 10. Be2 Nf4 11. Bf3 f5 12. exf5 gxf5 13. Bxf4 exf4+ 14. Be2 Nc5 15.
O-O Ne4 16. Bh5 Qe7 17. Re1 Bxc3 18. bxc3 Qh4 19. Rf1 Bd7 20. Rc1 Nf6 21. Be2
Rae8 22. Nf3 Qh6 23. Re1 Rf7 24. Kf1 Rfe7 25. c5 Ne4 26. cxd6 cxd6 27. Qd4 b6
28. c4 Rg7 29. Nd2 Qg6 30. Bf3 Rge7 31. Re2 b5 32. Rce1 Nxd2+ 33. Qxd2 Qf6 34.
Rxe7 Rxe7 35. Rxe7 Qxe7 36. Qxf4 Qf6 37. Kg1 b4 38. g3 a5 39. Kg2 a4 40. Bd1
Qe5 41. Qg5+ Kh8 42. Qd8+ Qe8 43. Qf6+ Kg8 44. Qxd6 Qe4+ 45. Bf3 Qxc4 46. Qxd7
b3 47. axb3 axb3 48. Qxf5 b2 49. Be4 1-0

[Event "IV Open Internacional Ciutat d"]
[Site "Palma"]
[Date "2009.11.23"]
[Round "4.31"]
[White "Pons Servera, Cristobal"]
[Black "Roy Chowdhury, Saptarshi"]
[Result "0-1"]
[WhiteElo "2123"]
[BlackElo "2427"]
[PlyCount "90"]
[EventDate "2009.11.21"]

1. d4 e6 2. e4 b6 3. Nf3 Bb7 4. Bd3 d6 5. O-O Nd7 6. Bf4 g6 7. e5 dxe5 8. dxe5
Bg7 9. Re1 Ne7 10. Nbd2 Nc6 11. Bg5 Qc8 12. Nc4 b5 13. Ne3 a6 14. Ng4 h6 15.
Nf6+ Bxf6 16. Bxf6 Nxf6 17. exf6 Qd8 18. Be4 Qxf6 19. Bxc6+ Bxc6 20. Ne5 Bd5
21. Nxg6 Bf3 22. Qxf3 Qxf3 23. gxf3 Rg8 24. Re4 Rxg6+ 25. Rg4 Rd8 26. Re1 Ke7
27. Kf1 Rf6 28. Re3 Rf5 29. c4 Rd2 30. Re2 Rd3 31. cxb5 axb5 32. Rh4 h5 33. a4
bxa4 34. Rxa4 Rdxf3 35. Ra7 Rc5 36. b4 Rc1+ 37. Kg2 Rf5 38. Rb7 Rg5+ 39. Kf3
Kf6 40. Re4 Rf5+ 41. Kg3 Rg1+ 42. Kh3 Rf3+ 43. Kh4 Rxf2 44. h3 Rf3 45. Rb5 Rh1
0-1

[Event "IV Open Internacional Ciutat d"]
[Site "Palma"]
[Date "2009.11.23"]
[Round "4.47"]
[White "Lemeaux, David"]
[Black "Matas Artigues, Josep"]
[Result "1/2-1/2"]
[WhiteElo "2217"]
[BlackElo "1709"]
[PlyCount "88"]
[EventDate "2009.11.21"]

1. d4 Nf6 2. c4 c5 3. d5 b5 4. Nf3 d6 5. cxb5 a6 6. e3 g6 7. b3 Bg7 8. Bb2 O-O
9. bxa6 Bxa6 10. Bc4 Nbd7 11. O-O Nb6 12. Na3 Bxc4 13. Nxc4 Nbxd5 14. Qe2 Nb6
15. Rfd1 Nxc4 16. Qxc4 Qb6 17. h3 Rfb8 18. Qc2 Qa6 19. e4 c4 20. e5 Nd7 21.
bxc4 Nxe5 22. Nxe5 dxe5 23. a3 Qa4 24. Qe2 Rd8 25. Rxd8+ Rxd8 26. Bxe5 Bxe5 27.
Qxe5 Qxc4 28. Qxe7 Rd2 29. Qe8+ Kg7 30. Qe5+ Kg8 31. a4 Re2 32. Qf6 Re6 33. Qb2
Re4 34. a5 Qa6 35. Qc3 Rc4 36. Qe5 Rc6 37. Rb1 Rc8 38. Rb8 Qc6 39. g3 f5 40.
Kh2 Kf7 41. h4 Qf3 42. Rxc8 Qxf2+ 43. Kh1 Qf1+ 44. Kh2 Qf2+ 1/2-1/2

[Event "IV Open Internacional Ciutat d"]
[Site "Palma"]
[Date "2009.11.23"]
[Round "4.56"]
[White "Balasch Sagrera, Carles"]
[Black "Caliz Morales, Felipe"]
[Result "1-0"]
[WhiteElo "2062"]
[BlackElo "1849"]
[PlyCount "85"]
[EventDate "2009.11.21"]

1. e4 g6 2. d4 Bg7 3. Nc3 d6 4. Be3 Nf6 5. f3 a6 6. a4 Nbd7 7. Bc4 c6 8. Bb3
Qc7 9. Nge2 c5 10. Qd2 h5 11. O-O cxd4 12. Bxd4 O-O 13. Kh1 Kh7 14. Nf4 e6 15.
Rad1 b6 16. Be3 Ne8 17. Nh3 Nc5 18. Ng5+ Kg8 19. Bf4 Nxb3 20. cxb3 e5 21. Nd5
Qd8 22. Be3 Rb8 23. Rc1 f6 24. Nh3 Bd7 25. Nb4 a5 26. Nc6 Bxc6 27. Rxc6 Rf7 28.
Qd5 Kf8 29. Rfc1 Rd7 30. Qc4 d5 31. exd5 Rxd5 32. Bxb6 Rd1+ 33. Rxd1 Qxd1+ 34.
Ng1 Bh6 35. Bc5+ Kg7 36. Re6 Kh7 37. Rxe8 Rxe8 38. Qf7+ Kh8 39. Qxe8+ Kh7 40.
Qf7+ Bg7 41. Bf8 Qxg1+ 42. Kxg1 Kh6 43. Bxg7+ 1-0

[Event "IV Open Internacional Ciutat d"]
[Site "Palma"]
[Date "2009.11.23"]
[Round "4.27"]
[White "Zygouris, Hristos"]
[Black "Aloma Vidal, Robert"]
[Result "0-1"]
[WhiteElo "2246"]
[BlackElo "2458"]
[PlyCount "68"]
[EventDate "2009.11.21"]

1. d4 Nf6 2. Bg5 e6 3. Nc3 c5 4. Nf3 d5 5. e4 cxd4 6. Qxd4 Nc6 7. Bb5 Be7 8.
exd5 exd5 9. Ne5 Bd7 10. Bxc6 bxc6 11. O-O O-O 12. Na4 Re8 13. Rfe1 h6 14. Bh4
g5 15. Bg3 Qa5 16. Nd3 Ne4 17. b3 Bf5 18. Kf1 Bf8 19. Be5 Rad8 20. f3 c5 21.
Qb2 Nd2+ 22. Kf2 d4 23. Bf6 Rb8 24. Rxe8 Rxe8 25. Rd1 c4 26. Bxd4 cxd3 27. cxd3
Nxf3 28. gxf3 Qc7 29. Kg2 Qf4 30. Qf2 Bd6 31. Rh1 Bxd3 32. Nc3 g4 33. Bxa7
gxf3+ 34. Qxf3 Qg5+ 0-1

[Event "IV Open Internacional Ciutat d"]
[Site "Palma"]
[Date "2009.11.23"]
[Round "4.19"]
[White "Genutis, Mindaugas"]
[Black "Sengupta, Deep"]
[Result "0-1"]
[WhiteElo "2295"]
[BlackElo "2488"]
[PlyCount "64"]
[EventDate "2009.11.21"]

1. d4 d5 2. c4 e6 3. Nf3 c6 4. g3 dxc4 5. Bg2 b5 6. a4 Bb7 7. O-O a6 8. Nc3 Nd7
9. e4 Ngf6 10. e5 Nd5 11. Ng5 N7b6 12. Nce4 Qd7 13. a5 Na4 14. Bh3 g6 15. Qf3
h6 16. Nf6+ Nxf6 17. Qxf6 hxg5 18. Qxh8 c5 19. Bxg5 cxd4 20. Rab1 d3 21. Bg2
Bxg2 22. Kxg2 Nc5 23. f3 Nb3 24. h4 b4 25. h5 gxh5 26. Rh1 d2 27. Qh7 Qd5 28.
Qc2 Rc8 29. Rbd1 c3 30. bxc3 bxc3 31. Rh4 Be7 32. Bxe7 Kxe7 0-1

[Event "IV Open Internacional Ciutat d"]
[Site "Palma"]
[Date "2009.11.23"]
[Round "4.36"]
[White "Pastor Alonso De Prado, Emilio"]
[Black "Roos, Michael"]
[Result "1/2-1/2"]
[WhiteElo "2188"]
[BlackElo "2375"]
[PlyCount "55"]
[EventDate "2009.11.21"]

1. e4 g6 2. Nf3 Bg7 3. d4 c5 4. c3 cxd4 5. cxd4 d5 6. e5 Nc6 7. h3 Nh6 8. Nc3
O-O 9. Bb5 f6 10. exf6 exf6 11. O-O Be6 12. Re1 Bf7 13. Bf4 Nf5 14. Bxc6 bxc6
15. Na4 g5 16. Bh2 h5 17. Qc2 Bg6 18. Qxc6 g4 19. hxg4 hxg4 20. Bc7 Qc8 21. Nh2
Kh8 22. Rac1 Nxd4 23. Qxd5 Nc2 24. Re7 Re8 25. Rxe8+ Qxe8 26. Nc3 Rc8 27. Bf4
Nb4 28. Qd2 1/2-1/2

[Event "IV Open Internacional Ciutat d"]
[Site "Palma"]
[Date "2009.11.23"]
[Round "4.28"]
[White "Gerzhoy, Leonid"]
[Black "Serra Olives, Tomas"]
[Result "1-0"]
[WhiteElo "2456"]
[BlackElo "2143"]
[PlyCount "43"]
[EventDate "2009.11.21"]

1. e4 c5 2. c3 d5 3. exd5 Qxd5 4. d4 Nc6 5. Nf3 Nf6 6. Be3 Ng4 7. Nbd2 Nxe3 8.
fxe3 cxd4 9. exd4 Bg4 10. Bc4 Bxf3 11. Qb3 Qh5 12. Nxf3 Qg6 13. O-O e5 14. Qxb7
Rb8 15. Bxf7+ Qxf7 16. Qxc6+ Qd7 17. Qe4 Be7 18. Nxe5 Qe6 19. Rae1 Rc8 20. Nf7
Qxe4 21. Rxe4 Rf8 22. Nd6+ 1-0

[Event "IV Open Internacional Ciutat d"]
[Site "Palma"]
[Date "2009.11.23"]
[Round "4.33"]
[White "Checiak, Krzysztof"]
[Black "Breier, Andreas"]
[Result "0-1"]
[WhiteElo "2122"]
[BlackElo "2405"]
[PlyCount "86"]
[EventDate "2009.11.21"]

1. d4 e6 2. e4 d5 3. exd5 exd5 4. Bd3 Nf6 5. Nf3 Be7 6. h3 O-O 7. O-O c5 8.
dxc5 Bxc5 9. Bf4 Nc6 10. c3 Ne4 11. Bxe4 dxe4 12. Qxd8 Rxd8 13. Nfd2 Bf5 14.
Nb3 Bf8 15. N1d2 Ne7 16. Rfe1 Nd5 17. Bg3 Re8 18. Nc4 Rad8 19. Rad1 h6 20. Rd2
b5 21. Nca5 Nf6 22. Red1 Rxd2 23. Nxd2 Rd8 24. Nc6 Rd3 25. Bf4 Nd5 26. Ne5 Nxf4
27. Nxd3 Nxd3 28. b4 Be7 29. g4 Bg6 30. a3 Bh4 31. Rf1 Bg5 32. Nb3 Nf4 33. Nd4
a6 34. a4 bxa4 35. Ra1 Nd5 36. Rxa4 Nxc3 37. Rxa6 e3 38. Ra8+ Kh7 39. Nf5 Bxf5
40. fxe3 Bxe3+ 41. Kf1 Bd3+ 42. Ke1 Nd5 43. Ra5 Nxb4 0-1

[Event "IV Open Internacional Ciutat d"]
[Site "Palma"]
[Date "2009.11.23"]
[Round "4.37"]
[White "Stoeckmann, Helmut"]
[Black "Mascaro March, Pedro"]
[Result "1/2-1/2"]
[WhiteElo "2135"]
[BlackElo "2369"]
[PlyCount "45"]
[EventDate "2009.11.21"]

1. c4 Nf6 2. Nc3 e6 3. e4 c5 4. e5 Ng8 5. d4 cxd4 6. Qxd4 Nc6 7. Qe3 Nh6 8. Qe4
Qb6 9. Bd3 Bc5 10. Nh3 Bd4 11. f4 Ng4 12. Qe2 f5 13. exf6 Nxf6 14. Bd2 O-O 15.
O-O-O d5 16. Ng5 Nb4 17. Bb1 Bd7 18. Nf3 Rac8 19. Nxd4 Qxd4 20. a3 Nc6 21. Be3
Qxc4 22. Bd3 Qb3 23. Bc2 1/2-1/2

[Event "IV Open Internacional Ciutat d"]
[Site "Palma"]
[Date "2009.11.23"]
[Round "4.58"]
[White "Navarrete Abraham, Jorge"]
[Black "Bergas Ferriol, Jeronimo"]
[Result "1-0"]
[WhiteElo "1671"]
[BlackElo "2053"]
[PlyCount "83"]
[EventDate "2009.11.21"]

1. Nf3 d6 2. g3 e5 3. Bg2 f5 4. c4 Nf6 5. Nc3 Be7 6. d4 e4 7. Nd2 Nc6 8. Nb3 a5
9. d5 Ne5 10. Nd2 c6 11. dxc6 bxc6 12. b3 Qb6 13. O-O e3 14. Na4 Qa7 15. Nf3
exf2+ 16. Kh1 Nxf3 17. exf3 O-O 18. Qe2 d5 19. Be3 d4 20. Bxf2 c5 21. Rae1 Re8
22. Qd2 Bd7 23. Nb2 Qb7 24. Nd3 Bd6 25. Rxe8+ Bxe8 26. Re1 Bc6 27. Qd1 Kf7 28.
Ne5+ Bxe5 29. Rxe5 Qb4 30. f4 Bxg2+ 31. Kxg2 g6 32. Qe2 Qb7+ 33. Kg1 Ne4 34. g4
Rg8 35. Kf1 Nc3 36. Qe1 fxg4 37. Kg1 Rc8 38. Bh4 Rc7 39. Re8 d3 40. Qe6+ Kg7
41. Bf6+ Kh6 42. Qxg4 1-0

[Event "IV Open Internacional Ciutat d"]
[Site "Palma"]
[Date "2009.11.23"]
[Round "4.59"]
[White "Durandeau, Jean-Marie"]
[Black "Sorell Nicolau, Pau"]
[Result "1-0"]
[WhiteElo "2049"]
[BlackElo "1831"]
[PlyCount "55"]
[EventDate "2009.11.21"]

1. e4 e5 2. Nf3 Nf6 3. Nxe5 d6 4. Nf3 Nxe4 5. Nc3 Nxc3 6. dxc3 Bg4 7. h3 Bh5 8.
Qd5 Bxf3 9. Qxf3 c6 10. Bf4 Be7 11. O-O-O O-O 12. Kb1 Qc7 13. Qg3 Rd8 14. Be2
Na6 15. Rd4 Qb6 16. Bxa6 bxa6 17. Rhd1 Re8 18. Bh6 Bf8 19. Bxg7 Bxg7 20. Rg4
Kh8 21. Rxg7 Qc5 22. Rxf7 Rg8 23. Qh4 Rg7 24. Rxg7 Kxg7 25. Qe7+ Kg8 26. Qe6+
Kg7 27. Rxd6 Re8 28. Rd7+ 1-0

[Event "IV Open Internacional Ciutat d"]
[Site "Palma"]
[Date "2009.11.23"]
[Round "4.60"]
[White "Do Santos Julio, Joao Manuel"]
[Black "Farmer Negrini, Leo"]
[Result "1-0"]
[WhiteElo "2043"]
[BlackElo "1795"]
[PlyCount "43"]
[EventDate "2009.11.21"]

1. e4 e5 2. Nf3 Nc6 3. d4 d5 4. Nxe5 Nxe5 5. dxe5 d4 6. Bc4 Bc5 7. e6 Qh4 8.
exf7+ Kf8 9. fxg8=Q+ Rxg8 10. Qf3+ Ke7 11. Bxg8 Bd7 12. Qf7+ Kd6 13. O-O Qxe4
14. Nd2 Qf5 15. Nc4+ Kc6 16. Qxg7 Kb5 17. a4+ Ka6 18. Bxh7 Qd5 19. Bd3 b5 20.
Qg6+ Bb6 21. axb5+ Kb7 22. Be4 1-0

[Event "IV Open Internacional Ciutat d"]
[Site "Palma"]
[Date "2009.11.23"]
[Round "4.67"]
[White "Escofet Llongueras, Joan"]
[Black "Castell Cantero, Jose Juan"]
[Result "1-0"]
[WhiteElo "1865"]
[BlackElo "1563"]
[PlyCount "55"]
[EventDate "2009.11.21"]

1. c4 e5 2. Nc3 Nc6 3. g3 Nf6 4. Bg2 Be7 5. e4 O-O 6. Nge2 Re8 7. O-O Bf8 8. d3
d6 9. h3 Be6 10. Nd5 Ne7 11. f4 Nfxd5 12. cxd5 Bd7 13. d4 f6 14. Nc3 c6 15.
dxe5 dxe5 16. fxe5 fxe5 17. Kh2 Ng6 18. Be3 Bb4 19. Qb3 Bd6 20. Rad1 Kh8 21.
Rf2 Rb8 22. Rfd2 c5 23. Nb5 Bxb5 24. Qxb5 b6 25. Rf1 Rb7 26. Rdf2 Kg8 27. h4
Ree7 28. Bg5 1-0

[Event "IV Open Internacional Ciutat d"]
[Site "Palma"]
[Date "2009.11.24"]
[Round "5.6"]
[White "Pogorelov, Ruslan"]
[Black "Drozdovskij, Yuri"]
[Result "0-1"]
[WhiteElo "2469"]
[BlackElo "2625"]
[PlyCount "33"]
[EventDate "2009.11.21"]

1. Nf3 Nf6 2. c4 e6 3. Nc3 d5 4. d4 dxc4 5. e3 a6 6. Bxc4 b5 7. Bd3 Bb7 8. a3
c5 9. dxc5 Bxc5 10. b4 Bd6 11. Bb2 Qe7 12. O-O Nbd7 13. Rc1 O-O 14. Qe1 Rac8
15. h3 Nb6 16. Nd2 Be5 {Ileglible las negras ganaron en la jugada 36} 17. f4
0-1

[Event "IV Open Internacional Ciutat d"]
[Site "Palma"]
[Date "2009.11.24"]
[Round "5.9"]
[White "Burmakin, Vladimir"]
[Black "Aloma Vidal, Robert"]
[Result "0-1"]
[WhiteElo "2602"]
[BlackElo "2458"]
[PlyCount "130"]
[EventDate "2009.11.21"]

1. Nf3 Nf6 2. c4 g6 3. b3 Bg7 4. Bb2 O-O 5. g3 c6 6. Bg2 d5 7. O-O a5 8. d3 a4
9. b4 dxc4 10. dxc4 Qb6 11. a3 Rd8 12. Qc1 Bf5 13. c5 Qa6 14. Nc3 Qc4 15. Rd1
Na6 16. Nxa4 Rxd1+ 17. Qxd1 Bc2 18. Qc1 Rd8 19. Nb6 Qxe2 20. Nd4 Rxd4 21. Bxd4
Ng4 22. Ra2 Bxd4 23. Rxc2 Bxf2+ 24. Kh1 Qe5 25. Bf3 Bd4 26. Re2 Qf5 27. Bxg4
Qxg4 28. Qf1 e5 29. Nc4 Qe6 30. Nd6 Qd5+ 31. Rg2 Nc7 32. Qc4 Qf3 33. Qe2 Qxa3
34. Qf1 f5 35. Re2 Nd5 36. Nc4 Qd3 37. Re1 Nxb4 38. Nd6 Bxc5 39. Nxb7 Qd5+ 40.
Qg2 Bd4 41. Rb1 Nd3 42. Qxd5+ cxd5 43. Rb5 Nf2+ 44. Kg2 Ng4 45. h3 Nf6 46. Nd8
Bc3 47. Rc5 Bb4 48. Rc8 Kg7 49. Rc7+ Kg8 50. Rc8 e4 51. Nc6+ Bf8 52. Ne5 d4 53.
g4 d3 54. g5 Nd5 55. Kf1 Kg7 56. Rd8 Ne3+ 57. Kf2 Bc5 58. Ke1 Nc2+ 59. Kd1 Bd4
60. Nc6 Bc3 61. Rd7+ Kf8 62. Kc1 Ne3 63. Nb8 d2+ 64. Rxd2 Bxd2+ 65. Kxd2 Nc4+
0-1

[Event "IV Open Internacional Ciutat d"]
[Site "Palma"]
[Date "2009.11.24"]
[Round "5.13"]
[White "Savchenko, Stanislav"]
[Black "Gerzhoy, Leonid"]
[Result "1-0"]
[WhiteElo "2536"]
[BlackElo "2456"]
[PlyCount "34"]
[EventDate "2009.11.21"]

1. Nf3 Nf6 2. c4 b6 3. g3 Bb7 4. Bg2 e6 5. d4 Be7 6. O-O O-O 7. Re1 d5 8. cxd5
exd5 9. Nc3 Na6 10. Ne5 c5 11. Bf4 Ne4 12. Rc1 Nxc3 13. bxc3 Nc7 14. dxc5 Bxc5
15. e4 Re8 16. Nd3 Ba3 17. Rb1 Ne6 1-0

[Event "IV Open Internacional Ciutat d"]
[Site "Palma"]
[Date "2009.11.24"]
[Round "5.18"]
[White "Lajthajm, Borko"]
[Black "Asis Gargatagli, Hipolit"]
[Result "1-0"]
[WhiteElo "2481"]
[BlackElo "2414"]
[PlyCount "46"]
[EventDate "2009.11.21"]

1. e4 Nf6 2. e5 Nd5 3. Nf3 d6 4. Bc4 c6 5. O-O Bg4 6. exd6 e6 7. h3 Bh5 8. Nc3
Bxd6 9. Ne4 Be7 10. Ng3 Bg6 11. Ne5 Nd7 12. Nxg6 hxg6 13. d4 Bg5 14. Re1 Bxc1
15. Rxc1 O-O 16. Bb3 N7f6 17. c3 Qb6 18. Ne4 Nxe4 19. Rxe4 c5 20. Qe2 cxd4 21.
Rxd4 Nf6 22. Bc4 Rad8 23. Rcd1 {Ilegible} Rd5 1-0

[Event "IV Open Internacional Ciutat d"]
[Site "Palma"]
[Date "2009.11.24"]
[Round "5.30"]
[White "Bellaiche, Anthony"]
[Black "Pons Servera, Cristobal"]
[Result "1-0"]
[WhiteElo "2452"]
[BlackElo "2123"]
[PlyCount "49"]
[EventDate "2009.11.21"]

1. d4 Nf6 2. c4 g6 3. Nc3 d5 4. cxd5 Nxd5 5. Bd2 Bg7 6. e4 Nxc3 7. Bxc3 O-O 8.
Nf3 b6 9. Be2 Bb7 10. Qc2 Nd7 11. O-O e5 12. d5 a5 13. b4 c6 14. bxa5 cxd5 15.
exd5 Rc8 16. Qb2 Bxd5 17. Rad1 Bxf3 18. Bxf3 bxa5 19. Qa3 a4 20. Bb4 Re8 21.
Qxa4 e4 22. Rxd7 Qh4 23. Qb3 Re6 24. g3 Qg5 25. Bxe4 1-0

[Event "IV Open Internacional Ciutat d"]
[Site "Palma"]
[Date "2009.11.24"]
[Round "5.31"]
[White "Checiak, Krzysztof"]
[Black "Matnadze, Ana"]
[Result "0-1"]
[WhiteElo "2122"]
[BlackElo "2401"]
[PlyCount "82"]
[EventDate "2009.11.21"]

1. d4 Nf6 2. Nf3 e6 3. g3 b6 4. Bg2 Bb7 5. O-O Be7 6. c4 O-O 7. Nc3 Ne4 8. Nxe4
Bxe4 9. Be3 f5 10. Qc1 Bf6 11. Ne1 Bxg2 12. Kxg2 a5 13. Nf3 a4 14. Rb1 Qe7 15.
Bg5 Bxg5 16. Qxg5 Qxg5 17. Nxg5 a3 18. b3 Nc6 19. e3 Nb4 20. Ra1 c5 21. Nf3 d6
22. Rfd1 Rad8 23. Rd2 d5 24. cxd5 Rxd5 25. Rad1 Rfd8 26. Kf1 cxd4 27. exd4 Rc8
28. Ne5 b5 29. f4 Rdd8 30. Ke2 Nd5 31. Ra1 Nc3+ 32. Ke3 Ne4 33. Rd3 Rc2 34. Nf3
b4 35. Rdd1 Rdc8 36. Ne1 Rxh2 37. Nd3 Nf6 38. Rdc1 Nd5+ 39. Kf3 Rcc2 40. Rxc2
Rxc2 41. Rf1 Rxa2 0-1

[Event "IV Open Internacional Ciutat d"]
[Site "Palma"]
[Date "2009.11.24"]
[Round "5.33"]
[White "Planas Gene, Juan"]
[Black "Pons Sastre, Santiago"]
[Result "1/2-1/2"]
[WhiteElo "2112"]
[BlackElo "2380"]
[PlyCount "50"]
[EventDate "2009.11.21"]

1. d4 d5 2. c4 e6 3. Nc3 c6 4. Nf3 dxc4 5. a4 Bb4 6. e3 b5 7. Bd2 a5 8. axb5
Bxc3 9. Bxc3 cxb5 10. b3 Bb7 11. d5 Nf6 12. bxc4 b4 13. Bxf6 Qxf6 14. Qa4+ Nd7
15. Nd4 Qe7 16. Qb5 Rb8 17. Qxa5 exd5 18. cxd5 O-O 19. Nc6 Bxc6 20. dxc6 Nc5
21. Bc4 Qf6 22. O-O Qxc6 23. Rab1 Qb6 24. Qxb6 Rxb6 25. Rfc1 Rc8 1/2-1/2

[Event "IV Open Internacional Ciutat d"]
[Site "Palma"]
[Date "2009.11.24"]
[Round "5.41"]
[White "Henrichs, Wenke"]
[Black "Gaya Llodra, Juan"]
[Result "1-0"]
[WhiteElo "2039"]
[BlackElo "2259"]
[PlyCount "79"]
[EventDate "2009.11.21"]

1. c4 e5 2. g3 Nc6 3. Nc3 f5 4. Nf3 e4 5. Nh4 g6 6. d3 exd3 7. Qxd3 Bg7 8. e4
Qe7 9. Nd5 Nb4 10. Nxe7 Nxd3+ 11. Bxd3 Nxe7 12. exf5 gxf5 13. Nxf5 Nxf5 14.
Bxf5 O-O 15. Be4 Re8 16. f3 d5 17. cxd5 Bf5 18. O-O Bd4+ 19. Kg2 Bxe4 20. fxe4
Rxe4 21. Bf4 Re2+ 22. Kh3 Bxb2 23. Rae1 Rc2 24. Re7 Rf8 25. d6 cxd6 26. Rxb7
Bd4 27. Rd1 Bc5 28. Bxd6 Rd8 29. Rc7 Rc3 30. Rd5 Bd4 31. Rg5+ Kh8 32. Rxc3 Bxc3
33. Be5+ Bxe5 34. Rxe5 Rd7 35. a4 Kg7 36. a5 Kg6 37. Kh4 Rd4+ 38. g4 Ra4 39.
Rc5 Ra2 40. h3 1-0